| 000 | 00927nam a22002537a 4500 | ||
|---|---|---|---|
| 001 | 4572 | ||
| 003 | FISKH | ||
| 005 | 20240917101347.0 | ||
| 008 | 240917b cb ||||| |||| 00| 0 eng d | ||
| 020 | _a9781407189147 | ||
| 040 |
_aFISKH _beng _cFISKH _dFISKH |
||
| 050 | _aPZ7.R25576 | ||
| 082 | _2823.92 | ||
| 100 |
_aReeve, Philip _d1966- |
||
| 245 |
_aMortal engines / _cPhilip Reeve |
||
| 250 | _aThis edition published in 2018 | ||
| 260 |
_aLondon : _bScholastic, _c2001. |
||
| 300 |
_a320 pages : _c21cm |
||
| 520 | _aIn the distant future, when cities move about and consume smaller towns, a fifteen-year-old apprentice is pushed out of London by the man he most admires and must seek answers in the perilous Out-Country, aided by one girl and the memory of another. | ||
| 650 |
_2Steampunk _aFantasy _vFiction |
||
| 650 |
_2Hungry city chronicles _aScience fiction _vAdventure |
||
| 942 |
_2ddc _cBK _n0 |
||
| 999 |
_c4572 _d4572 |
||